000 00524nam a2200205 a 4500
001 BRCA_6650
005 20190320205536.0
008 111011s1918----gw-#######---#000-0#ger-#
041 _ager
044 _agw
050 4 _aPT2603
_b.O32 H34
_c1918
100 1 _aBöhlau, Helene
_d1859-
_916654
245 1 0 _aHalbtier
_bein Frauenroman
_cHelene Böhlau.
260 _aBerlín y Viena
_bUllstein
_c1918
300 _a186 p.
_c16 cm.
500 _aL154
650 1 4 _aLiteratura Alemana
_96160
902 _aGFM
942 _2lcc
_cB
999 _c6334
_d6334